000 00621nam a2200253Ia 4500
003 OSt
005 20220912152911.0
006 a|||||r|||| 00| 0
007 ta
008 220909b |||||||| |||| 00| 0 eng d
024 _a31685
037 _cTextual
040 _aCSL
_beng
_cCSL
041 _aeng
082 _aC6:142;5, K7
100 _aGutmann Felix
245 0 _aOrganic semiconductors
260 _c1967
300 _ap.
_ccm.
650 _aSemiconductors
700 _a Lyons Lawrence E
942 _hC6:142;5, K7
_cTEXL
_2CC
999 _c93419
_d93419